Opel Automodelle - Statistics

General Stats
  • This quiz has been taken 21 times
  • The average score is 19 of 44
Answer Stats
Opelmodelle % Correct
Astra
100%
Corsa
82%
Insignia
82%
Adam
73%
Grandland
73%
Kadett
73%
Mokka
73%
Meriva
64%
Vectra
64%
Zafira
64%
Crossland
55%
GT
55%
Omega
55%
Agila
45%
Antara
45%
Combo
45%
Diplomat
45%
Frontera
45%
Kapitän
45%
Movano
45%
Vivaro
45%
Admiral
36%
Ascona
36%
Calibra
36%
Karl
36%
Manta
36%
Olympia
36%
Rocks-e
36%
Signum
36%
Speedster
36%
Blitz
27%
Commodore
27%
Monza
27%
Rekord
27%
Senator
27%
Sintra
27%
Tigra
27%
Ampera
18%
Cascada
18%
Monterey
18%
Arena
9%
Campo
9%
Chevette
9%
Olympia Rekord
9%
No matching quizzes found
Score Distribution
Percent of People with Each Score
Percentile by Number Answered
Your Score History
You have not taken this quiz